Statistics for Latvia to North Macedonia capitals quiz

Click here to take the quiz!

General Stats

  • This quiz has been taken 19 times
  • The average score is 8 of 10

Answer Stats

CountryCapital% Correct
LuxembourgLuxembourg
100%
MonacoMonaco
100%
LatviaRiga
92%
NetherlandsAmsterdam
83%
North MacedoniaSkopje
83%
LithuaniaVilnius
83%
MoldovaChișinău
75%
MontenegroPodgorica
75%
MaltaValletta
75%
LiechtensteinVaduz
67%

Score Distribution

Percentile by Number Answered

Percent of People with Each Score

Your Score History

You have not taken this quiz